000 00482nam a22002057a 4500
003 OSt
005 20241121095931.0
008 241121b |||||||| |||| 00| 0 eng d
040 _cMRSPTU
041 _aENG
082 _a300.723
_bGR-S
100 _aGroves, Robert M.
245 _aSurvey Methodology
250 _a2nd Ed.
260 _aNew Jersey
_bJohn Wiley & Sons
_c2009
300 _a461
650 _aArchitecture
700 _aFowler, Floyd J.
942 _2ddc
_cBK
_n0
999 _c10463
_d10463